000 01061nas a2200265Ia 4500
001 dd35-50007
003 IT-MiCISF
008 161014c99999999xx |||||||||||| ||und||
040 _aIT-MiCISF
_cIT-MiCISF
041 _aITALIANO
100 _aUnione consultori italiani prematrimoniali e matrimoniali
210 _aNotiziario Ucipem
222 _aNotiziario Ucipem
245 0 _aL'armonia del cambiamento
_bAtti del XXII Congresso Ucipem, Trieste 20-22 maggio 2011
250 _a1a ed.
260 _c2011
501 _bCISF - Centro Internazionale Studi Famiglia - Via Giotto, 36 20145 MILANO (non commercial uses only)
_cCopyright 2016
300 _app. 1-44
362 _a n. 226, settembre [2011]
500 _aSivelli B., Del Favero L., Moschioni G., Da Ronch F., Gomez B., Sartorel R., Lanatà F., Antonioli M.G., De Bernardi A. Tema: consultori, famiglia, consulenza, famiglia-migranti, madre, separazione, esperienze
650 _aFAMIGLIA - consulenza familiare
_vatti
700 _aAA.VV.
942 _cCR
957 _71
999 _a50007
_bSi
_g1
_c219634
_d219634